000 00808nam a22001937a 4500
999 _c15152
_d15152
003 OSt
082 _2631.587 ASW/EF
088 _aP 234
100 _aASWATHY K
_93446
245 _aEffect of different fertigation levels and drip layouts on the performance of okra under plastic mulching
260 _aTavanur 2012
_bDepartment of Irrigation And Drainage Engineering
300 _a37
500 _aEffect of different fertigation levels and drip layouts on the performance of okra under plastic mulching
520 _aEffect of different fertigation levels and drip layouts on the performance of okra under plastic mulching
700 _aPreeti Kumari
_93447
700 _aEr. Anu Varughese (Guide)
_93436
856 _uhttps://drive.google.com/open?id=17KHf8a96qe48y3DwWtADkq9dDhbjHfLv
942 _cPR